Espaces 1. : Méthode de francais

Na minha lista:
Detalhes bibliográficos
Main Authors: Capelle, Guy (Author), Gidon, Noelle (Author)
Formato: Livro
Idioma:francês
Publicado em: Paris : Hachette, 1990
Tags: Adicionar Tag
Sem tags, seja o primeiro a adicionar uma tag!

MARC

LEADER 00000nam a22000003a 4500
001 stu27223
005 20150617225739.3
008 931223s1990----fr------------------fre-d
020 |a 2-01-01-5320-X 
040 |a STU  |b slo 
041 0 |a fre 
044 |a fr 
080 |a 8(075)=40 
100 1 |a Capelle, Guy  |4 aut 
245 1 |a Espaces 1. :  |b Méthode de francais 
260 |a Paris :  |b Hachette,  |c 1990 
300 |a 207 s 
700 1 |a Gidon, Noelle  |4 aut 
996 |b 284V026174  |c V*39166/O-16530a  |l VVS  |s A  |a 24  |w stu27223_0001 
996 |b 284V026175  |c V*39167/O-16530b  |l VVS  |s A  |a 24  |w stu27223_0002